00515nam a2200169Ia 4500003000900000008004100009020001800050040001600068080002000084100001600104245009700120260004100217300001500258650004100273650001900314650001200333IN-BaIIA211028s9999 xx 000 0 eng d a9971-978-31-8 cIIA Library a533.9(063)bMCN aMcNamara, B 0aTwenty Years of Plasma PhysicscB. McNamara  aPhiladelphiabWorld Scientificc1985 avii, 357p. aAstronomy and Astrophysics thesaurus aPlasma Physics aPlasmas